[Event "US Amateur Team West Championship"]
[Site "chess24.com"]
[Date "2020.02.17"]
[Round "6"]
[White "Bharat, Arjun"]
[Black "Cheng, Daniel"]
[Result "1/2-1/2"]
[Board "2"]
[WhiteFideId "5032725"]
[WhiteTitle "CM"]
[WhiteElo "2161"]
[WhiteCountry "USA"]
[WhiteEloChange "-4"]
[BlackFideId "30940109"]
[BlackElo "2003"]
[BlackCountry "USA"]
[BlackEloChange "4"]

1. Nf3 {[%clk 1:58:51]} c5 {[%clk 2:00:00]} 2. g3 {[%clk 1:58:38]} g6 {[%clk
2:00:00]} 3. Bg2 {[%clk 1:58:38]} Bg7 {[%clk 1:59:59]} 4. e4 {[%clk 1:58:31]} Nc6
{[%clk 1:59:19]} 5. O-O {[%clk 1:58:29]} e5 {[%clk 1:58:14]} 6. Nc3 {[%clk
1:58:10]} Nge7 {[%clk 1:58:14]} 7. d3 {[%clk 1:57:54]} d6 {[%clk 1:58:13]} 8. Be3
{[%clk 1:57:35]} Nd4 {[%clk 1:54:45]} 9. Qd2 {[%clk 1:54:50]} O-O {[%clk
1:33:13]} 10. Ne1 {[%clk 1:51:51]} Be6 {[%clk 1:31:42]} 11. Nd1 {[%clk 1:50:28]}
Qd7 {[%clk 1:22:47]} 12. c3 {[%clk 1:49:45]} Ndc6 {[%clk 1:22:47]} 13. Bh6 {[%clk
1:46:20]} d5 {[%clk 1:11:59]} 14. Bxg7 {[%clk 1:46:10]} Kxg7 {[%clk 1:11:59]} 15.
Qe2 {[%clk 1:45:52]} Rad8 {[%clk 1:01:11]} 16. Nf3 {[%clk 1:43:57]} dxe4 {[%clk
0:59:43]} 17. dxe4 {[%clk 1:43:55]} Qd3 {[%clk 0:59:40]} 18. Qxd3 {[%clk
1:43:49]} Rxd3 {[%clk 0:59:40]} 19. Ne3 {[%clk 1:43:37]} Rfd8 {[%clk 0:59:32]}
20. Rfc1 {[%clk 1:43:27]} a6 {[%clk 0:54:06]} 21. Bf1 {[%clk 1:43:16]} R3d6
{[%clk 0:53:47]} 22. Bc4 {[%clk 1:42:41]} b5 {[%clk 0:53:35]} 23. Bxe6 {[%clk
1:42:41]} Rxe6 {[%clk 0:53:33]} 24. Rd1 {[%clk 1:42:33]} Red6 {[%clk 0:53:07]}
25. Rxd6 {[%clk 1:42:33]} Rxd6 {[%clk 0:53:07]} 26. Rd1 {[%clk 1:41:29]} Rxd1+
{[%clk 0:52:39]} 27. Nxd1 {[%clk 1:41:29]} Kf6 {[%clk 0:49:57]} 28. Ne3 {[%clk
1:40:24]} h5 {[%clk 0:00:25]} 29. h4 {[%clk 1:40:22]} Nd8 {[%clk 0:48:15]} 30.
Kf1 {[%clk 1:39:54]} Nb7 {[%clk 0:45:59]} 31. Nd2 {[%clk 1:38:32]} Ke6 {[%clk
0:44:49]} 32. Ke2 {[%clk 1:38:25]} Nd6 {[%clk 0:40:55]} 33. f3 {[%clk 1:37:36]}
f5 {[%clk 0:40:22]} 34. Nd1 {[%clk 1:18:16]} Ng8 {[%clk 0:37:51]} 35. Nf2 {[%clk
1:17:38]} Nf6 {[%clk 0:36:38]} 36. Ke3 {[%clk 1:17:09]} c4 {[%clk 0:23:34]} 37.
Nh3 {[%clk 1:16:28]} fxe4 {[%clk 0:23:32]} 38. Ng5+ {[%clk 1:15:17]} Ke7 {[%clk
0:07:08]} 39. Ngxe4 {[%clk 1:14:50]} Ndxe4 {[%clk 0:04:18]} 40. Nxe4 {[%clk
1:14:49]} Nxe4 {[%clk 0:02:31]} 41. Kxe4 {[%clk 1:13:55]} Kd6 {[%clk 0:12:00]}
42. g4 {[%clk 1:40:12]} 1/2-1/2

[Event "US Amateur Team West Championship"]
[Site "chess24.com"]
[Date "2020.02.17"]
[Round "6"]
[White "Ai, Evan"]
[Black "Khattar, Tanmay"]
[Result "0-1"]
[Board "3"]
[WhiteFideId "2094770"]
[WhiteElo "1794"]
[WhiteCountry "USA"]
[WhiteEloChange "-4"]
[BlackFideId "2049171"]
[BlackElo "2027"]
[BlackCountry "USA"]
[BlackEloChange "4"]

1. e4 {[%clk 2:00:00]} e5 {[%clk 2:00:00]} 2. Nf3 {[%clk 2:00:00]} Nc6 {[%clk
2:00:00]} 3. Bb5 {[%clk 2:00:00]} Nf6 {[%clk 2:00:00]} 4. O-O {[%clk 2:00:00]}
Nxe4 {[%clk 2:00:00]} 5. d4 {[%clk 2:00:00]} Nd6 {[%clk 2:00:00]} 6. Bxc6 {[%clk
2:00:00]} dxc6 {[%clk 2:00:00]} 7. dxe5 {[%clk 2:00:00]} Nf5 {[%clk 2:00:00]} 8.
Qxd8+ {[%clk 2:00:00]} Kxd8 {[%clk 2:00:00]} 9. Nc3 {[%clk 2:00:00]} Be7 {[%clk
2:00:00]} 10. h3 {[%clk 2:00:00]} Nh4 {[%clk 2:00:00]} 11. Ng5 {[%clk 2:00:00]}
Ke8 {[%clk 2:00:00]} 12. Nge4 {[%clk 2:00:00]} Ng6 {[%clk 2:00:00]} 13. f4 {[%clk
2:00:00]} h5 {[%clk 2:00:00]} 14. Be3 {[%clk 2:00:00]} Nh4 {[%clk 2:00:00]} 15.
Rad1 {[%clk 2:00:00]} Nf5 {[%clk 2:00:00]} 16. Bf2 {[%clk 2:00:00]} h4 {[%clk
2:00:00]} 17. Rfe1 {[%clk 2:00:00]} b6 {[%clk 1:43:46]} 18. Ne2 {[%clk 1:38:26]}
a5 {[%clk 1:39:53]} 19. Nd4 {[%clk 1:34:28]} Nxd4 {[%clk 1:39:16]} 20. Bxd4
{[%clk 1:33:47]} Be6 {[%clk 1:34:38]} 21. a4 {[%clk 1:24:41]} Rd8 {[%clk
1:32:23]} 22. Bc3 {[%clk 1:22:01]} Rd5 {[%clk 1:28:46]} 23. Rd4 {[%clk 1:17:41]}
Rxd4 {[%clk 1:23:57]} 24. Bxd4 {[%clk 1:17:41]} Kd8 {[%clk 1:23:46]} 25. b3
{[%clk 1:13:23]} Kc8 {[%clk 1:22:55]} 26. c4 {[%clk 1:05:23]} Rd8 {[%clk
1:21:07]} 27. Bf2 {[%clk 1:04:11]} Rd3 {[%clk 1:18:42]} 28. Re3 {[%clk 1:03:53]}
Rxe3 {[%clk 1:15:25]} 29. Bxe3 {[%clk 1:03:53]} Bf5 {[%clk 1:14:48]} 30. Nd2
{[%clk 1:03:35]} Bb4 {[%clk 1:12:48]} 31. Nf3 {[%clk 1:02:34]} c5 {[%clk
1:09:45]} 32. Bd2 {[%clk 0:59:38]} Ba3 {[%clk 1:08:31]} 33. Nxh4 {[%clk 0:57:52]}
Bc2 {[%clk 1:08:22]} 34. g4 {[%clk 0:55:24]} Bxb3 {[%clk 1:07:46]} 35. Nf5 {[%clk
0:55:24]} g6 {[%clk 1:02:24]} 36. Ne3 {[%clk 0:55:24]} Bxa4 {[%clk 1:00:57]} 37.
h4 {[%clk 0:54:21]} Kd8 {[%clk 0:55:50]} 38. h5 {[%clk 0:47:57]} gxh5 {[%clk
0:51:16]} 39. gxh5 {[%clk 0:47:57]} Ke8 {[%clk 0:51:06]} 40. Nd5 {[%clk 0:47:06]}
Bc2 {[%clk 0:44:21]} 41. Ne3 {[%clk 0:40:13]} Bb3 {[%clk 0:42:01]} 42. Bc3 {[%clk
0:38:35]} Bc1 {[%clk 0:38:47]} 43. Kf2 {[%clk 0:36:28]} a4 {[%clk 0:35:33]} 44.
h6 {[%clk 0:35:51]} Bxe3+ {[%clk 0:27:48]} 45. Kxe3 {[%clk 0:35:51]} Bc2 {[%clk
0:27:43]} 46. Kd2 {[%clk 0:35:35]} Be4 {[%clk 0:25:50]} 47. Kc1 {[%clk 0:35:02]}
a3 {[%clk 0:24:18]} 48. Ba1 {[%clk 0:34:06]} c6 {[%clk 0:18:25]} 49. Kd2 {[%clk
0:31:44]} b5 {[%clk 0:17:51]} 50. Kc3 {[%clk 0:30:39]} b4+ {[%clk 0:13:57]} 51.
Kb3 {[%clk 0:30:39]} Ke7 {[%clk 0:11:38]} 52. Ka2 {[%clk 0:28:57]} Bc2 {[%clk
0:11:13]} 53. e6 {[%clk 0:27:22]} f6 {[%clk 0:11:10]} 54. f5 {[%clk 0:26:19]}
Bxf5 {[%clk 0:11:08]} 55. h7 {[%clk 0:26:19]} Bxh7 {[%clk 0:11:01]} 56. Bxf6+
{[%clk 0:26:09]} Kxf6 {[%clk 0:10:58]} 57. Ka1 {[%clk 0:26:08]} Kxe6 {[%clk
0:10:45]} 58. Ka2 {[%clk 0:26:08]} Bc2 {[%clk 0:09:59]} 59. Ka1 {[%clk 0:26:07]}
Bb3 {[%clk 0:09:55]} 0-1

[Event "US Amateur Team West Championship"]
[Site "chess24.com"]
[Date "2020.02.17"]
[Round "6"]
[White "Yan, Ruiyang"]
[Black "Zierk, Steven"]
[Result "1/2-1/2"]
[Board "1"]
[WhiteFideId "30919860"]
[WhiteTitle "WCM"]
[WhiteElo "2028"]
[WhiteCountry "USA"]
[WhiteEloChange "8"]
[BlackFideId "2034255"]
[BlackTitle "GM"]
[BlackElo "2497"]
[BlackCountry "USA"]
[BlackEloChange "-4"]

1. e4 {[%clk 1:53:07]} e6 {[%clk 2:00:00]} 2. d4 {[%clk 1:53:01]} d5 {[%clk
2:00:00]} 3. Nc3 {[%clk 1:52:57]} Bb4 {[%clk 2:00:00]} 4. e5 {[%clk 1:52:44]} c5
{[%clk 2:00:00]} 5. a3 {[%clk 1:52:35]} Bxc3+ {[%clk 2:00:00]} 6. bxc3 {[%clk
1:52:34]} Qa5 {[%clk 2:00:00]} 7. Bd2 {[%clk 1:52:17]} Qa4 {[%clk 2:00:00]} 8.
Qg4 {[%clk 1:51:49]} Kf8 {[%clk 2:00:00]} 9. Qd1 {[%clk 1:51:49]} b6 {[%clk
2:00:00]} 10. Qb1 {[%clk 1:49:01]} Ba6 {[%clk 1:58:13]} 11. Qb3 {[%clk 1:45:46]}
Qxb3 {[%clk 1:58:05]} 12. cxb3 {[%clk 1:45:46]} Bxf1 {[%clk 1:57:55]} 13. Kxf1
{[%clk 1:45:46]} Nc6 {[%clk 1:43:44]} 14. Nf3 {[%clk 1:44:49]} Na5 {[%clk
1:43:10]} 15. Rb1 {[%clk 1:41:34]} c4 {[%clk 1:37:54]} 16. b4 {[%clk 1:41:31]}
Nb3 {[%clk 1:37:54]} 17. a4 {[%clk 1:40:48]} a5 {[%clk 1:34:15]} 18. b5 {[%clk
1:40:43]} Nxd2+ {[%clk 1:22:46]} 19. Nxd2 {[%clk 1:40:43]} f5 {[%clk 1:22:42]}
20. f4 {[%clk 1:35:55]} Ke7 {[%clk 1:18:52]} 21. Kf2 {[%clk 1:35:00]} h5 {[%clk
1:06:49]} 22. h4 {[%clk 1:33:18]} 1/2-1/2

[Event "US Amateur Team West Championship"]
[Site "chess24.com"]
[Date "2020.02.17"]
[Round "6"]
[White "Vidyarthi, Vyom"]
[Black "Boldi, Ethan"]
[Result "1/2-1/2"]
[Board "2"]
[WhiteFideId "30931649"]
[WhiteTitle "CM"]
[WhiteElo "2064"]
[WhiteCountry "USA"]
[WhiteEloChange "-5"]
[BlackFideId "30926866"]
[BlackElo "1888"]
[BlackCountry "USA"]
[BlackEloChange "5"]

1. d4 {[%clk 1:57:14]} d5 {[%clk 2:00:00]} 2. c4 {[%clk 1:56:31]} e6 {[%clk
2:00:00]} 3. Nc3 {[%clk 1:56:29]} Nf6 {[%clk 2:00:00]} 4. cxd5 {[%clk 1:56:29]}
exd5 {[%clk 2:00:00]} 5. Bg5 {[%clk 1:56:29]} c6 {[%clk 2:00:00]} 6. e3 {[%clk
1:56:13]} Nbd7 {[%clk 1:59:46]} 7. Bd3 {[%clk 1:56:03]} Be7 {[%clk 1:59:39]} 8.
Nge2 {[%clk 1:55:22]} O-O {[%clk 1:59:17]} 9. Qc2 {[%clk 1:54:04]} h6 {[%clk
1:59:12]} 10. Bh4 {[%clk 1:53:15]} Nh5 {[%clk 1:57:45]} 11. Bxe7 {[%clk 1:52:36]}
Qxe7 {[%clk 1:57:45]} 12. O-O {[%clk 1:51:47]} Re8 {[%clk 1:56:10]} 13. Rae1
{[%clk 1:50:25]} b5 {[%clk 1:52:30]} 14. Nc1 {[%clk 1:49:21]} Bb7 {[%clk
1:49:51]} 15. Bf5 {[%clk 1:44:45]} Nhf6 {[%clk 1:45:14]} 16. f3 {[%clk 1:43:02]}
Nb6 {[%clk 1:41:50]} 17. Bd3 {[%clk 1:39:32]} a6 {[%clk 1:33:17]} 18. Nb3 {[%clk
1:35:19]} Nbd7 {[%clk 1:29:25]} 19. e4 {[%clk 1:28:47]} dxe4 {[%clk 1:22:17]} 20.
Nxe4 {[%clk 1:27:06]} Nxe4 {[%clk 1:16:46]} 21. Bxe4 {[%clk 1:22:39]} Qb4 {[%clk
1:11:52]} 22. Qc3 {[%clk 1:20:32]} a5 {[%clk 1:06:16]} 23. Bf5 {[%clk 1:18:41]}
Nf6 {[%clk 1:01:26]} 24. Rxe8+ {[%clk 1:16:48]} Nxe8 {[%clk 1:00:35]} 25. Re1
{[%clk 1:14:52]} Nd6 {[%clk 0:59:21]} 26. Bd3 {[%clk 1:12:02]} Qxc3 {[%clk
0:56:00]} 27. bxc3 {[%clk 1:12:02]} Kf8 {[%clk 0:54:39]} 28. Nc5 {[%clk 1:05:54]}
Re8 {[%clk 0:51:26]} 29. Nd7+ {[%clk 1:01:17]} Kg8 {[%clk 0:51:22]} 30. Rxe8+
{[%clk 1:00:16]} Nxe8 {[%clk 0:51:22]} 31. Nc5 {[%clk 0:57:00]} Nd6 {[%clk
0:50:45]} 32. Nb3 {[%clk 0:53:56]} a4 {[%clk 0:49:00]} 33. Na5 {[%clk 0:52:57]}
Ba8 {[%clk 0:47:39]} 34. c4 {[%clk 0:52:28]} Kf8 {[%clk 0:41:14]} 35. c5 {[%clk
0:51:32]} Nc8 {[%clk 0:36:43]} 36. d5 {[%clk 0:47:46]} Ne7 {[%clk 0:33:20]} 37.
d6 {[%clk 0:47:08]} Nd5 {[%clk 0:32:07]} 38. Be4 {[%clk 0:46:18]} Nb4 {[%clk
0:31:26]} 39. a3 {[%clk 0:40:19]} Na6 {[%clk 0:29:25]} 40. Bxc6 {[%clk 0:38:41]}
Bxc6 {[%clk 0:29:08]} 41. Nxc6 {[%clk 0:37:08]} Nxc5 {[%clk 0:29:01]} 42. Kf2
{[%clk 0:32:08]} 1/2-1/2

[Event "US Amateur Team West Championship"]
[Site "chess24.com"]
[Date "2020.02.17"]
[Round "6"]
[White "Lin, Daniel"]
[Black "Tang, Michael"]
[Result "0-1"]
[Board "3"]
[WhiteFideId "30961084"]
[WhiteElo "1802"]
[WhiteCountry "USA"]
[WhiteEloChange "-12"]
[BlackFideId "30927935"]
[BlackElo "1719"]
[BlackCountry "USA"]
[BlackEloChange "12"]

1. c4 {[%clk 2:00:00]} c6 {[%clk 1:52:48]} 2. Nc3 {[%clk 1:55:16]} d5 {[%clk
1:52:43]} 3. cxd5 {[%clk 1:55:15]} cxd5 {[%clk 1:52:43]} 4. d4 {[%clk 1:55:11]}
Nc6 {[%clk 1:52:41]} 5. Bg5 {[%clk 1:50:31]} Nf6 {[%clk 1:52:21]} 6. e3 {[%clk
1:49:20]} Ne4 {[%clk 1:45:54]} 7. Nxe4 {[%clk 1:45:35]} dxe4 {[%clk 1:45:54]} 8.
Ne2 {[%clk 1:44:15]} Qa5+ {[%clk 1:45:04]} 9. Nc3 {[%clk 1:38:04]} Qxg5 {[%clk
1:42:59]} 10. Nxe4 {[%clk 1:30:20]} Qa5+ {[%clk 1:42:49]} 11. Nc3 {[%clk
1:26:33]} e6 {[%clk 1:42:49]} 12. Be2 {[%clk 1:23:15]} Bb4 {[%clk 1:42:45]} 13.
Qc2 {[%clk 1:22:16]} O-O {[%clk 1:42:45]} 14. O-O {[%clk 1:22:15]} Bxc3 {[%clk
1:42:19]} 15. bxc3 {[%clk 1:22:08]} b6 {[%clk 1:41:31]} 16. Bd3 {[%clk 1:20:43]}
h6 {[%clk 1:41:15]} 17. Qe2 {[%clk 1:16:40]} Bb7 {[%clk 0:00:44]} 18. Rac1 {[%clk
1:15:50]} Qg5 {[%clk 1:40:26]} 19. f4 {[%clk 1:14:25]} Qe7 {[%clk 1:39:34]} 20.
Qg4 {[%clk 1:13:43]} f5 {[%clk 1:38:42]} 21. Qh5 {[%clk 1:12:35]} Na5 {[%clk
1:37:50]} 22. g4 {[%clk 1:04:29]} Qf7 {[%clk 1:37:33]} 23. Qh4 {[%clk 1:02:46]}
Be4 {[%clk 1:37:24]} 24. Bxe4 {[%clk 0:59:34]} fxe4 {[%clk 1:37:24]} 25. g5
{[%clk 0:54:33]} hxg5 {[%clk 1:35:58]} 26. Qxg5 {[%clk 0:53:57]} Qf5 {[%clk
1:35:51]} 27. Qh4 {[%clk 0:50:23]} Nc4 {[%clk 1:35:44]} 28. Rce1 {[%clk 0:49:07]}
Nd2 {[%clk 1:35:42]} 0-1

[Event "US Amateur Team West Championship"]
[Site "chess24.com"]
[Date "2020.02.17"]
[Round "6"]
[White "Vidyarthi, Omya"]
[Black "Boldi, Nicholas"]
[Result "0-1"]
[Board "4"]
[WhiteFideId "30931665"]
[WhiteTitle "WCM"]
[WhiteElo "1670"]
[WhiteCountry "USA"]
[WhiteEloChange "-14"]
[BlackFideId "30930537"]
[BlackElo "1516"]
[BlackCountry "USA"]
[BlackEloChange "14"]

1. d4 {[%clk 1:57:30]} d5 {[%clk 2:00:00]} 2. c4 {[%clk 1:57:17]} e6 {[%clk
1:59:56]} 3. Nc3 {[%clk 1:57:08]} Nf6 {[%clk 1:59:28]} 4. cxd5 {[%clk 1:56:41]}
exd5 {[%clk 1:59:23]} 5. Bg5 {[%clk 1:56:08]} c6 {[%clk 1:59:21]} 6. e3 {[%clk
1:55:31]} Nbd7 {[%clk 1:59:16]} 7. Bd3 {[%clk 1:55:07]} Be7 {[%clk 1:59:04]} 8.
Nge2 {[%clk 1:54:10]} O-O {[%clk 1:58:43]} 9. O-O {[%clk 1:53:39]} h6 {[%clk
1:55:29]} 10. Bh4 {[%clk 1:53:16]} Nb6 {[%clk 1:48:53]} 11. f3 {[%clk 1:47:34]}
Be6 {[%clk 1:41:22]} 12. Bf2 {[%clk 1:45:08]} Qd7 {[%clk 1:35:44]} 13. Nf4 {[%clk
1:43:17]} Bf5 {[%clk 1:31:04]} 14. e4 {[%clk 1:41:45]} dxe4 {[%clk 1:30:28]} 15.
fxe4 {[%clk 1:41:18]} Bg4 {[%clk 1:29:34]} 16. Qd2 {[%clk 1:38:20]} Rad8 {[%clk
1:26:52]} 17. b3 {[%clk 0:07:36]} Nh5 {[%clk 1:20:45]} 18. Nxh5 {[%clk 1:14:55]}
Bxh5 {[%clk 1:20:25]} 19. Bc2 {[%clk 1:11:16]} Bf6 {[%clk 1:14:05]} 20. Kh1
{[%clk 0:58:37]} Bxd4 {[%clk 1:13:20]} 21. Bh4 {[%clk 0:56:09]} Be5 {[%clk
1:08:51]} 22. Qe1 {[%clk 0:54:19]} Rde8 {[%clk 1:02:35]} 23. Bg3 {[%clk 0:49:19]}
Bg6 {[%clk 0:57:05]} 24. Bxe5 {[%clk 0:48:24]} Rxe5 {[%clk 0:56:51]} 25. Qg3
{[%clk 0:48:18]} Qe6 {[%clk 0:53:20]} 26. Rad1 {[%clk 0:47:16]} Nc8 {[%clk
0:52:12]} 27. Rd4 {[%clk 0:45:38]} Nd6 {[%clk 0:50:14]} 28. Qh4 {[%clk 0:42:54]}
Re8 {[%clk 0:49:31]} 29. Qf4 {[%clk 0:41:29]} c5 {[%clk 0:40:04]} 30. Ra4 {[%clk
0:40:37]} a6 {[%clk 0:39:30]} 31. Qf2 {[%clk 0:38:54]} Rc8 {[%clk 0:33:55]} 32.
h3 {[%clk 0:35:31]} Rc6 {[%clk 0:32:21]} 33. Ra5 {[%clk 0:30:57]} b5 {[%clk
0:29:55]} 34. Ne2 {[%clk 0:23:16]} Nxe4 {[%clk 0:25:57]} 35. Bxe4 {[%clk
0:23:04]} Bxe4 {[%clk 0:25:44]} 36. Nf4 {[%clk 0:22:59]} Qe7 {[%clk 0:25:28]} 37.
Qd2 {[%clk 0:18:18]} Rd6 {[%clk 0:24:57]} 38. Qc3 {[%clk 0:17:42]} Rf6 {[%clk
0:23:53]} 39. Kh2 {[%clk 0:11:52]} Ref5 {[%clk 0:20:25]} 40. Qe3 {[%clk 0:09:18]}
Qc7 {[%clk 0:17:51]} 41. Ra3 {[%clk 0:06:38]} Rxf4 {[%clk 0:17:45]} 42. Rxf4
{[%clk 0:06:30]} Qxf4+ {[%clk 0:17:38]} 43. Qxf4 {[%clk 0:06:29]} Rxf4 {[%clk
0:17:38]} 44. Rxa6 {[%clk 0:06:15]} Rf2 {[%clk 0:17:21]} 45. Kg3 {[%clk 0:06:13]}
Rxg2+ {[%clk 0:17:14]} 46. Kf4 {[%clk 0:06:13]} Bg6 {[%clk 0:16:52]} 47. Ra5
{[%clk 0:05:44]} Bd3 {[%clk 0:16:37]} 48. Ra8+ {[%clk 0:05:39]} Kh7 {[%clk
0:16:37]} 49. Rc8 {[%clk 0:05:29]} Rxa2 {[%clk 0:16:21]} 50. Rxc5 {[%clk
0:05:28]} Rb2 {[%clk 0:16:16]} 51. Rc7 {[%clk 0:05:20]} Bg6 {[%clk 0:16:03]} 52.
Rc3 {[%clk 0:05:18]} b4 {[%clk 0:16:01]} 53. Re3 {[%clk 0:05:12]} Bc2 {[%clk
0:15:00]} 54. Re7 {[%clk 0:05:08]} Bxb3 {[%clk 0:14:59]} 55. Rb7 {[%clk 0:05:00]}
Be6 {[%clk 0:14:57]} 0-1

[Event "US Amateur Team West Championship"]
[Site "chess24.com"]
[Date "2020.02.17"]
[Round "6"]
[White "Murugappan, Ganesh"]
[Black "Sheng, Joshua"]
[Result "1-0"]
[Board "1"]
[WhiteFideId "2080516"]
[WhiteElo "2095"]
[WhiteCountry "USA"]
[WhiteEloChange "18"]
[BlackFideId "2057360"]
[BlackTitle "IM"]
[BlackElo "2474"]
[BlackCountry "USA"]
[BlackEloChange "-9"]

1. e4 {[%clk 1:57:43]} g6 {[%clk 2:00:00]} 2. d4 {[%clk 1:55:30]} Bg7 {[%clk
2:00:00]} 3. Nf3 {[%clk 1:51:49]} d6 {[%clk 1:59:42]} 4. Nc3 {[%clk 1:49:42]} a6
{[%clk 1:59:19]} 5. Bc4 {[%clk 1:48:14]} b5 {[%clk 1:58:22]} 6. Bb3 {[%clk
1:32:47]} Bb7 {[%clk 1:55:24]} 7. O-O {[%clk 1:30:41]} Nd7 {[%clk 1:52:15]} 8.
Ng5 {[%clk 1:23:07]} e6 {[%clk 0:37:11]} 9. f4 {[%clk 0:47:35]} c5 {[%clk
1:40:42]} 10. f5 {[%clk 0:41:32]} Bxd4+ {[%clk 1:34:46]} 11. Kh1 {[%clk 0:40:32]}
gxf5 {[%clk 1:26:55]} 12. exf5 {[%clk 0:28:32]} Ngf6 {[%clk 1:23:01]} 13. fxe6
{[%clk 0:14:02]} fxe6 {[%clk 1:22:03]} 14. Nxe6 {[%clk 0:12:48]} Rg8 {[%clk
1:21:45]} 15. Bd5 {[%clk 0:08:10]} Bxc3 {[%clk 1:14:47]} 16. Bxb7 {[%clk
0:06:32]} Qb8 {[%clk 1:12:49]} 17. Bxa8 {[%clk 0:06:23]} Ke7 {[%clk 1:12:11]} 18.
bxc3 {[%clk 0:05:09]} Qxa8 {[%clk 1:12:03]} 19. Qe2 {[%clk 0:04:28]} Qe4 {[%clk
1:10:42]} 20. Nf4 {[%clk 0:03:40]} Ne5 {[%clk 1:09:24]} 21. Qxe4 {[%clk 0:03:15]}
Nxe4 {[%clk 1:09:24]} 22. Re1 {[%clk 0:03:14]} Nf2+ {[%clk 1:08:33]} 23. Kg1
{[%clk 0:03:14]} Ng4 {[%clk 1:08:33]} 24. h3 {[%clk 0:02:54]} Nf6 {[%clk
1:08:32]} 25. Nd3 {[%clk 0:02:54]} 1-0

[Event "US Amateur Team West Championship"]
[Site "chess24.com"]
[Date "2020.02.17"]
[Round "6"]
[White "Bian, Alex"]
[Black "Kaleeswaran, Jaisuraj"]
[Result "0-1"]
[Board "2"]
[WhiteFideId "2056372"]
[WhiteTitle "FM"]
[WhiteElo "2342"]
[WhiteCountry "USA"]
[WhiteEloChange "-18"]
[BlackFideId "30938171"]
[BlackElo "1858"]
[BlackCountry "USA"]
[BlackEloChange "18"]

1. e4 {[%clk 2:00:00]} c5 {[%clk 1:58:46]} 2. Nf3 {[%clk 2:00:00]} d6 {[%clk
1:58:28]} 3. d4 {[%clk 2:00:00]} cxd4 {[%clk 1:58:25]} 4. Nxd4 {[%clk 2:00:00]}
Nf6 {[%clk 1:58:18]} 5. Nc3 {[%clk 2:00:00]} a6 {[%clk 1:58:08]} 6. Bg5 {[%clk
2:00:00]} e6 {[%clk 1:58:03]} 7. f4 {[%clk 1:59:59]} Be7 {[%clk 1:57:55]} 8. Qf3
{[%clk 1:59:59]} Qc7 {[%clk 1:57:49]} 9. O-O-O {[%clk 1:59:58]} b5 {[%clk
1:57:46]} 10. a3 {[%clk 1:59:18]} Nbd7 {[%clk 1:56:45]} 11. Be2 {[%clk 1:56:40]}
Rb8 {[%clk 1:50:42]} 12. f5 {[%clk 1:52:30]} Ne5 {[%clk 1:27:00]} 13. Qh3 {[%clk
1:51:05]} O-O {[%clk 1:23:24]} 14. Rhg1 {[%clk 1:30:58]} h6 {[%clk 1:07:11]} 15.
Bh4 {[%clk 1:22:41]} Nh7 {[%clk 1:02:13]} 16. g4 {[%clk 1:17:29]} Ng5 {[%clk
0:53:01]} 17. Qg2 {[%clk 1:14:00]} b4 {[%clk 0:43:40]} 18. axb4 {[%clk 1:09:11]}
Rxb4 {[%clk 0:43:13]} 19. Bf2 {[%clk 1:01:54]} Bb7 {[%clk 0:41:33]} 20. Qg3
{[%clk 0:27:55]} Nxe4 {[%clk 0:35:33]} 21. Nxe4 {[%clk 0:27:46]} Bxe4 {[%clk
0:35:26]} 22. c3 {[%clk 0:20:49]} Rfb8 {[%clk 0:33:16]} 23. b3 {[%clk 0:20:46]}
Bg5+ {[%clk 0:32:33]} 24. Kb2 {[%clk 0:20:37]} Rxb3+ {[%clk 0:28:03]} 25. Nxb3
{[%clk 0:19:53]} Qb7 {[%clk 0:27:53]} 26. c4 {[%clk 0:18:46]} Bf3 {[%clk
0:27:46]} 27. Qxf3 {[%clk 0:17:37]} Nxf3 {[%clk 0:27:43]} 28. Rd3 {[%clk
0:17:37]} Nxg1 {[%clk 0:27:05]} 0-1

[Event "US Amateur Team West Championship"]
[Site "chess24.com"]
[Date "2020.02.17"]
[Round "6"]
[White "Meiyappan, Annapoorni"]
[Black "Nagarajan, Pranav"]
[Result "1-0"]
[Board "3"]
[WhiteFideId "2094860"]
[WhiteTitle "WFM"]
[WhiteElo "1755"]
[WhiteCountry "USA"]
[WhiteEloChange "18"]
[BlackFideId "2078929"]
[BlackElo "2205"]
[BlackCountry "USA"]
[BlackEloChange "-18"]

1. e4 {[%clk 1:59:46]} c5 {[%clk 1:59:51]} 2. Nf3 {[%clk 1:59:38]} d6 {[%clk
1:59:51]} 3. c3 {[%clk 1:59:35]} Nf6 {[%clk 1:59:42]} 4. Be2 {[%clk 1:59:35]} g6
{[%clk 1:59:31]} 5. O-O {[%clk 1:59:31]} Bg7 {[%clk 1:59:31]} 6. Bb5+ {[%clk
1:59:06]} Nc6 {[%clk 1:56:18]} 7. d4 {[%clk 1:58:38]} O-O {[%clk 1:54:36]} 8. d5
{[%clk 1:57:57]} Na5 {[%clk 1:53:26]} 9. Re1 {[%clk 1:55:50]} a6 {[%clk 1:52:56]}
10. Bd3 {[%clk 1:55:33]} b5 {[%clk 1:51:01]} 11. Bg5 {[%clk 1:53:13]} Rb8 {[%clk
1:48:22]} 12. Qd2 {[%clk 1:50:51]} Bg4 {[%clk 1:37:54]} 13. Qe3 {[%clk 1:49:43]}
Re8 {[%clk 1:26:09]} 14. h3 {[%clk 1:48:06]} Bxf3 {[%clk 1:17:40]} 15. Qxf3
{[%clk 1:47:55]} Nd7 {[%clk 1:16:48]} 16. Bf4 {[%clk 1:46:05]} Ne5 {[%clk
1:13:33]} 17. Bxe5 {[%clk 1:45:47]} Bxe5 {[%clk 1:13:20]} 18. Nd2 {[%clk
1:44:53]} Qc7 {[%clk 1:08:44]} 19. Qe3 {[%clk 1:43:24]} Bg7 {[%clk 1:00:20]} 20.
Kh1 {[%clk 1:40:50]} e6 {[%clk 0:54:55]} 21. Qg3 {[%clk 1:38:25]} c4 {[%clk
0:53:45]} 22. Bc2 {[%clk 1:37:20]} b4 {[%clk 0:45:43]} 23. Ba4 {[%clk 1:25:01]}
Re7 {[%clk 0:42:20]} 24. f4 {[%clk 1:22:05]} bxc3 {[%clk 0:41:21]} 25. bxc3
{[%clk 1:22:01]} Qc5 {[%clk 0:35:05]} 26. dxe6 {[%clk 1:20:58]} fxe6 {[%clk
0:35:03]} 27. Rab1 {[%clk 1:18:43]} Reb7 {[%clk 0:31:26]} 28. Bd7 {[%clk
1:14:16]} Rxb1 {[%clk 0:17:26]} 29. Bxe6+ {[%clk 1:13:42]} Kh8 {[%clk 0:17:26]}
30. Rxb1 {[%clk 1:09:53]} Rxb1+ {[%clk 0:17:22]} 31. Nxb1 {[%clk 1:09:53]} Qb6
{[%clk 0:17:18]} 32. Nd2 {[%clk 1:09:24]} Qb2 {[%clk 0:13:18]} 33. Qg5 {[%clk
1:06:50]} Bxc3 {[%clk 0:07:21]} 34. e5 {[%clk 1:01:06]} Bxe5 {[%clk 0:01:52]} 35.
fxe5 {[%clk 1:00:49]} Qa1+ {[%clk 0:01:14]} 36. Kh2 {[%clk 1:00:41]} Qxe5+ {[%clk
0:01:14]} 37. Qxe5+ {[%clk 1:00:41]} dxe5 {[%clk 0:01:14]} 38. Bxc4 {[%clk
1:00:25]} e4 {[%clk 0:00:45]} 39. Bxa6 {[%clk 1:00:23]} e3 {[%clk 0:00:45]} 40.
Nf1 {[%clk 1:00:21]} e2 {[%clk 0:00:22]} 41. Bxe2 {[%clk 1:00:21]} 1-0